| 000 | 00993nam a2200229Ia 4500 | ||
|---|---|---|---|
| 001 | 15072 | ||
| 003 | GE_BSU | ||
| 008 | 181216s||||||||xx |||||||||||||| ||und|| | ||
| 040 | _cGE_BSU | ||
| 080 | _a821.353.1 +821.353.1-11 | ||
| 100 | _aყაზბეგი, ალექსანდრე | ||
| 245 | _aთხზულებათა სრული კრებული : 4 ტომად | ||
| 245 | _bტ. 3 : ლექსები და პოემები. | ||
| 245 | _cშენიშვნები-ს. ყუბანეიშვილის | ||
| 260 | _aთბილისი | ||
| 260 | _bსაბჭოთა მწერალი | ||
| 260 | _c1949 | ||
| 300 | _a663გვ; 23სმ. | ||
| 300 | _b1 პორტრ.. - დანართი: შენიშვნები; ა. ყაზბეგის ლექსიკონი-შ. ძიძიგური, გვ. 645-663. | ||
| 653 | _aლექსები და პოემები | ||
| 942 | _cBK | ||
| 999 |
_c48190 _d48190 |
||